00866 2200325 4500001002100000005001700021008004100038020001800079035002400097040001200121082001500133084001700148100002500165245005300190250001000243260003700253300003100290504002400321650002500345990001700370990001700387990001700404990001700421990001700438990001700455990001700472990001700489990001700506990001700523INLIS00000000002185720160809112920.0  a979-692-952-x 0010-081600000000214 aYOPDYOG 223a599.03 a599.03 Sar E aSARI PUSPARINI SOLEH aEnsiklopedia Anak Mamaliac/Sari Pusparini Soleh acet 2 aBandungbRemaja Rosdakaryac2016 a56 hlm.b: ilus.c; 28 cm. aBibliografi: hlm 56 aMamalia-Ensiklopedia a9979-KS/B.16 a9980-KS/B.16 a9981-KS/B.16 a9982-KS/B.16 a9983-KS/B.16 a9984-KS/B.16 a9985-KS/B.16 a9986-KS/B.16 a9987-KS/B.16 a9988-KS/B.16